00000000nam##2200000za#4500
0019.578869
003CaOODSP
00520210624190305
007cr |||||||||||
008150406|1989||||xxc|||||o    f|0| 0 eng|d
022 |a1488-5379
040 |aCaOODSP|beng
043 |an-cn---
0861 |aFs97-6/1710E-PDF
1101 |aCanada. |bDepartment of Fisheries and Oceans.
24514|aThe Lahave River – Physiography and potential for Atlantic salmon production / |h[electronic resource]|cby R.W. Gray, J.D. Cameron and E.M.J. Jefferson.
260 |aHalifax - Nova Scotia : |bFisheries and Oceans Canada |c1989.
300 |a63p.|bfigs., references, tables
4901 |aCanadian technical report of fisheries and aquatic sciences|x1488-5379|vNo. 1710
500 |aOn t.p.: Science Branch, Halifax, Nova Scotia. The catalogue number and ISSN for the print edition appear in the PDF version.
546 |a(Résumé en français)
590 |a14-04-Supp|b2014-02-05
7201 |aCameron, J. D.
7201 |aGray, R. W.
7201 |aJefferson, E. M. J.
830#0|aCanadian technical report of fisheries and aquatic sciences,|x1488-5379|vNo. 1710|w(CaOODSP)9.504449
85640|ahttp://publications.gc.ca|qPDF|s4749 KB|uhttps://publications.gc.ca/collections/collection_2014/mpo-dfo/Fs97-6-1710-eng.pdf|yNo. 1710